000
00339nam a22001457a 4500
020
_a
81-309-0041-6
041
_a
ENG
100
_a
Chakraborty.D
245
_a
Fundamentals of Geographic Information System
260
_a
New delhi
_b
Viva Books
_c
2007
300
_a
258
650
_a
SWCE
700
_a
Sahoo.R.N
856
_u
SWCE ( 06 )
999
_c
1896
_d
1896